[Event "GER-chT U18 Girls"]
[Site "Germany"]
[Date "2011.05.13"]
[Round "2.3"]
[White "Roether, Barbara"]
[Black "Nintemann, Sabrina"]
[Result "0-1"]
[WhiteElo "800"]
[BlackElo "800"]
[PlyCount "26"]
[EventDate "2011.05.13"]
[EventType "team-swiss"]
[EventRounds "7"]
[EventCountry "GER"]
[SourceTitle "EXT 2012"]
[Source "ChessBase"]
[SourceDate "2011.11.24"]
[SourceVersion "1"]
[SourceVersionDate "2011.11.24"]
[SourceQuality "1"]
[WhiteTeam "Stein Koenigsberg (W)"]
[BlackTeam "Mariengymn (W)"]
[WhiteTeamCountry "GER"]
[BlackTeamCountry "GER"]

1. e4 e5 2. Nf3 Nc6 3. Nc3 Nf6 4. d4 d6 5. Bd3 exd4 6. Bf4 dxc3 7. bxc3 Bg4 8. Bg5 Ne5 9. Bxf6 Qxf6 10. 0-0 Qg6 11. Bb5+ c6 12. Be2 Nxf3+ 13. gxf3 Bxf3# 0-1